00800nam a2200241 a 4500001001300000003000900013005001700022008004100039020001000080082001800090100003400108245008000142260003600222300000900258500003500267505003400302650004000336700003400376902000800410942000700418952011800425999001500543nice12345678IN_TiNIC20260116011510.0050524s0000 dela grp 000 0 urd  ac10000a297.409bNIZ2 aNizami Shabbir Hasan, Chishti aBaba Farid Ganj Shakarb Nuabarik Halat Zindagi Aur Malfoozat Giran Maya Ka aDelhibAastana Book Depotc0000 a248p aincludes index and biblioraphy2 ascn book club study project.3 aSufism-Hagiography, Baba Farid Ganj1 aNizami Shabbir Hasan, Chishti bSRS cBK 001040708StackRoom-aHMIbHMId2007-07-03g100.00l0o297.409 NIZ2p03630r2007-07-03v100.00w2005-05-24yBK c2057d2057